Om beter te kan moor / (Record no. 799846)

MARC details
000 -LEADER
fixed length control field 00823nam a22002537r 4500
003 - CONTROL NUMBER IDENTIFIER
control field 3228
005 - DATE AND TIME OF LATEST TRANSACTION
control field 20260604145811.0
008 - FIXED-LENGTH DATA ELEMENTS--GENERAL INFORMATION
fixed length control field 260604b sa ||||| |||| 00| 1 AFR d
020 ## - INTERNATIONAL STANDARD BOOK NUMBER
International Standard Book Number 9781485904717 (paperback)
040 ## - CATALOGING SOURCE
Original cataloging agency MPL
Language of cataloging eng
Transcribing agency 3228
Description conventions Resource Description and Access
041 ## - LANGUAGE CODE
Language code of text/sound track or separate title Afrikaans
082 #0 - DEWEY DECIMAL CLASSIFICATION NUMBER
Classification number AF VANR
100 ## - MAIN ENTRY--PERSONAL NAME
9 (RLIN) 179868
Personal name van Rooyen-Wessels, Christelle
Relator term author
245 ## - TITLE STATEMENT
Title Om beter te kan moor /
Statement of responsibility, etc. Christelle van Rooyen-Wessels
250 ## - EDITION STATEMENT
Edition statement Eerste uitgawe
260 ## - PUBLICATION, DISTRIBUTION, ETC.
Place of publication, distribution, etc. Kaapstad :
Name of publisher, distributor, etc. Penguin Random House Suid-Afrika ,
Date of publication, distribution, etc. ©2022,
-- 2022.
300 ## - PHYSICAL DESCRIPTION
Extent 289 pages ; 1 unnumbered page :
Dimensions 23 cm
655 #0 - INDEX TERM--GENRE/FORM
9 (RLIN) 189056
Genre/form data or focus term Afrikaans Fiction
655 #0 - INDEX TERM--GENRE/FORM
9 (RLIN) 188653
Genre/form data or focus term Suspence Fiction
655 #0 - INDEX TERM--GENRE/FORM
9 (RLIN) 188605
Genre/form data or focus term Crime Fiction
655 #0 - INDEX TERM--GENRE/FORM
9 (RLIN) 189023
Genre/form data or focus term Thriller Fiction
655 #0 - INDEX TERM--GENRE/FORM
9 (RLIN) 172264
Genre/form data or focus term Detective and mystery fiction
942 ## - ADDED ENTRY ELEMENTS
Source of classification or shelving scheme Dewey Decimal Classification
item type Books
-- 296
-- Phillipina Naude
-- 296
-- Phillipina Naude
Holdings
Withdrawn status Lost status Source of classification or shelving scheme Damaged status Not for loan Collection code Home library Current library Shelving location Date acquired Total Checkouts Full call number Barcode Date last seen Price effective from item type Public note
    Dewey Decimal Classification     Fiction Funda PL (MMID-PLEMA-FUND) Funda PL (MMID-PLEMA-FUND) Fiction 08.06.2026   AF VANR 3228200082948 08.06.2026 08.06.2026 Books AF VANR
    Dewey Decimal Classification     Fiction Klipfontein PL (MMID-PLEM-KLIP) Klipfontein PL (MMID-PLEM-KLIP) Fiction 04.06.2026   AF VANR 3228200028284 04.06.2026 04.06.2026 Books 799846